[Event "6. Raiffeisen Open - A"]
[Site "Aschach"]
[Date "1997.12.28"]
[Round "4"]
[White "Wohlfahrt, Herbert"]
[Black "Lautner, Josef"]
[Result "0-1"]
[WhiteElo "2260"]
[BlackElo "2109"]
[PlyCount "88"]
[EventDate "1997.??.??"]
[Source "Union Hartkirch"]
[SourceDate "1998.01.01"]

1. Nf3 d5 2. d4 c6 3. c4 e6 4. Qc2 f5 5. Nc3 Nf6 6. Bg5 Be7 7. e3 O-O 8. Bd3 h6
9. Bxf6 Bxf6 10. h3 Kh8 11. O-O-O dxc4 12. Bxc4 Qa5 13. e4 b5 14. Bb3 c5 15.
dxc5 Na6 16. exf5 Nxc5 17. fxe6 Bxe6 18. Bxe6 Nxe6 19. Kb1 Rac8 20. Rhe1 Nf4
21. Ne5 b4 22. Qa4 Qc5 23. Nd7 Qxf2 24. Rf1 Qxg2 25. Qxb4 Nd3 26. Qb5 Qxb2+ 27.
Qxb2 Nxb2 28. Nxf8 Nxd1 29. Rxd1 Rxf8 30. Ne4 Rf7 31. Rd5 Kg8 32. a4 g5 33. a5
Kg7 34. Nd6 Rf8 35. Rb5 Kg6 36. Rb7 Be5 37. Nc4 Bd4 38. Rd7 Bc5 39. Rc7 Bd4 40.
Rd7 Bc5 41. Ne5+ Kh5 42. Rd5 Bf2 43. Ng4 Kh4 44. Rd3 Bg3 0-1

[Event "6. Raiffeisen Open - A"]
[Site "Aschach"]
[Date "1997.12.28"]
[Round "4"]
[White "Bachmayer, Josef"]
[Black "Schelle, Artur"]
[Result "1-0"]
[WhiteElo "2140"]
[BlackElo "2260"]
[PlyCount "41"]
[EventDate "1997.??.??"]
[Source "Union Hartkirch"]
[SourceDate "1998.01.01"]

1. d4 Nf6 2. Nc3 c5 3. dxc5 e6 4. Nf3 Bxc5 5. e3 O-O 6. Bd3 a6 7. h4 d5 8. Bd2
Nc6 9. e4 Ng4 10. O-O Nce5 11. Nxe5 Nxe5 12. Qh5 Nxd3 13. cxd3 Be7 14. exd5
Bxh4 15. Ne4 exd5 16. Ng5 Bxg5 17. Bxg5 Qb6 18. Rfe1 Be6 19. Re3 Qxb2 20. Rae1
Qxa2 21. Bf6 1-0

[Event "6. Raiffeisen Open - A"]
[Site "Aschach"]
[Date "1997.12.28"]
[Round "4"]
[White "Tober, Gerhard"]
[Black "Wendt, Rene"]
[Result "1/2-1/2"]
[WhiteElo "2205"]
[BlackElo "2290"]
[PlyCount "39"]
[EventDate "1997.??.??"]
[Source "Union Hartkirch"]
[SourceDate "1998.01.01"]

1. e4 c5 2. Nf3 d6 3. c3 Nf6 4. Be2 Bg4 5. O-O Nbd7 6. h3 Bxf3 7. Bxf3 Qc7 8.
d4 e5 9. Be3 Be7 10. dxe5 dxe5 11. a4 O-O 12. Na3 a6 13. Qb3 Rab8 14. Rfd1 Rfc8
15. Qc2 c4 16. a5 b5 17. axb6 Nxb6 18. Qe2 h6 19. Nc2 Nbd7 20. Na3 1/2-1/2

[Event "6. Raiffeisen Open - A"]
[Site "Aschach"]
[Date "1997.12.28"]
[Round "4"]
[White "Lendwai, Reinhard"]
[Black "Fabisch, Christian"]
[Result "1-0"]
[WhiteElo "2375"]
[BlackElo "2160"]
[PlyCount "51"]
[EventDate "1997.??.??"]
[Source "Union Hartkirch"]
[SourceDate "1998.01.01"]

1. e4 c5 2. c3 g6 3. d4 cxd4 4. cxd4 d5 5. exd5 Nf6 6. Nc3 Bg7 7. Bc4 O-O 8.
Nge2 Nbd7 9. Bb3 Nb6 10. Nf4 Bf5 11. O-O Rc8 12. Re1 a6 13. Qe2 Rc7 14. h3 h5
15. Bd2 Qd7 16. Rad1 Rfc8 17. Bc1 Kf8 18. f3 Re8 19. g4 hxg4 20. fxg4 Nxg4 21.
hxg4 Bxg4 22. Ne6+ Qxe6 23. dxe6 Bxe2 24. Rxe2 f6 25. Bf4 Rcc8 26. Nd5 1-0

[Event "6. Raiffeisen Open - A"]
[Site "Aschach"]
[Date "1997.12.28"]
[Round "4"]
[White "Wege, Jochen"]
[Black "Schneider-Zinner, Harald"]
[Result "1-0"]
[WhiteElo "2200"]
[BlackElo "2265"]
[PlyCount "53"]
[EventDate "1997.??.??"]
[Source "Union Hartkirch"]
[SourceDate "1998.01.01"]

1. e4 e6 2. Nf3 d5 3. Nc3 dxe4 4. Nxe4 Be7 5. d4 Nf6 6. Nxf6+ Bxf6 7. Bd3 c5 8.
dxc5 Nd7 9. Be3 Qc7 10. c3 Nxc5 11. Bxc5 Qxc5 12. Qe2 Bxc3+ 13. bxc3 Qxc3+ 14.
Qd2 Qxa1+ 15. Ke2 Qf6 16. Bb5+ Kf8 17. Rd1 g6 18. Qh6+ Kg8 19. Ng5 b6 20. Ne4
Qe7 21. Nd6 Bd7 22. Bxd7 Qxd7 23. Ne4 Qb5+ 24. Ke3 f5 25. Nf6+ Kf7 26. Rd7+
Kxf6 27. Qh4+ 1-0

[Event "6. Raiffeisen Open - A"]
[Site "Aschach"]
[Date "1997.12.28"]
[Round "4"]
[White "Weiss, Christian"]
[Black "Nickl, Klaus"]
[Result "1-0"]
[WhiteElo "2325"]
[BlackElo "2140"]
[PlyCount "107"]
[EventDate "1997.??.??"]
[Source "Union Hartkirch"]
[SourceDate "1998.01.01"]

1. d4 Nf6 2. c4 g6 3. Nc3 Bg7 4. e4 d6 5. f3 c6 6. Be3 a6 7. Qd2 b5 8. O-O-O
Qa5 9. Kb1 Nbd7 10. g4 Bb7 11. h4 b4 12. Nce2 c5 13. Ng3 O-O-O 14. h5 Ne8 15.
N1e2 Nc7 16. Bg2 Ne6 17. d5 Nc7 18. f4 Qb6 19. Rh2 a5 20. Rdh1 a4 21. Qd3 Ba6
22. Ng1 Qa5 23. Nf3 Nb6 24. Rc1 Bc3 25. Nd2 Bg7 26. Bf1 e6 27. Bg1 Kb7 28. Qf3
Kb8 29. Nh1 Bc8 30. Nf2 Nd7 31. Nh3 exd5 32. cxd5 Nb6 33. Ng5 f6 34. Nf7 f5 35.
Nxd8 Rxd8 36. hxg6 hxg6 37. Rh7 Ne8 38. gxf5 gxf5 39. e5 b3 40. Nc4 Nxc4 41.
Bxc4 dxe5 42. axb3 a3 43. Qc3 Qa7 44. Rxg7 Nxg7 45. Qxe5+ Ka8 46. bxa3 Re8 47.
Qd6 Qe7 48. Qxe7 Rxe7 49. Bxc5 Re4 50. Rg1 Nh5 51. Rg8 Kb7 52. d6 Nxf4 53. Rg7+
Kb8 54. d7 1-0

[Event "6. Raiffeisen Open - A"]
[Site "Aschach"]
[Date "1997.12.28"]
[Round "4"]
[White "Kreindl, Helmut"]
[Black "Loidl, Florian"]
[Result "0-1"]
[WhiteElo "2260"]
[BlackElo "1848"]
[PlyCount "58"]
[EventDate "1997.??.??"]
[Source "Union Hartkirch"]
[SourceDate "1998.01.01"]

1. e4 c5 2. c3 e5 3. Nf3 Nc6 4. d4 exd4 5. cxd4 cxd4 6. Nxd4 Nf6 7. Nc3 Bb4 8.
Nxc6 bxc6 9. Bd3 O-O 10. O-O d5 11. e5 Ng4 12. Bf4 f6 13. Qa4 Qb6 14. exf6 Rxf6
15. Bg3 Bc5 16. Qc2 Bd6 17. Bxd6 Rxd6 18. Bxh7+ Kh8 19. Rae1 Ba6 20. Bd3 Bxd3
21. Qxd3 Qxb2 22. Qg3 Rh6 23. h3 Nf6 24. Re7 Rg8 25. Rb1 Qc2 26. Rbb7 g5 27.
Qe3 c5 28. Ne2 Qd1+ 29. Kh2 Ng4+ 0-1

[Event "6. Raiffeisen Open - A"]
[Site "Aschach"]
[Date "1997.12.28"]
[Round "4"]
[White "Steinermayr, Thomas"]
[Black "Konrad, Edmund"]
[Result "1-0"]
[WhiteElo "2250"]
[BlackElo "2095"]
[PlyCount "83"]
[EventDate "1997.??.??"]
[Source "Union Hartkirch"]
[SourceDate "1998.01.01"]

1. e4 d5 2. exd5 Nf6 3. d4 Nxd5 4. Nf3 g6 5. c4 Nb6 6. c5 Nd5 7. Bc4 Bg7 8. Nc3
c6 9. O-O e6 10. Bg5 Qc7 11. Re1 O-O 12. Qe2 b6 13. Bxd5 exd5 14. Be7 Re8 15.
Bd6 Rxe2 16. Bxc7 Rxe1+ 17. Rxe1 Bd7 18. cxb6 axb6 19. Bxb6 Be6 20. Bc7 Nd7 21.
Ne5 Nxe5 22. Bxe5 Bxe5 23. Rxe5 Kf8 24. Kf1 Ke7 25. b4 Rb8 26. a3 Kd6 27. Re3
Bc8 28. Ke1 Ba6 29. Kd2 Bc4 30. Na4 Bf1 31. g4 Rh8 32. h4 h6 33. f4 g5 34. fxg5
hxg5 35. h5 f5 36. gxf5 Rxh5 37. Re6+ Kc7 38. Nc5 Bh3 39. Re7+ Kd8 40. f6 Rh8
41. Nb7+ Kc8 42. Nd6+ 1-0

[Event "6. Raiffeisen Open - A"]
[Site "Aschach"]
[Date "1997.12.28"]
[Round "4"]
[White "Balinov, Ilija"]
[Black "Hamberger, Hermann"]
[Result "1-0"]
[WhiteElo "2560"]
[BlackElo "2175"]
[PlyCount "68"]
[EventDate "1997.??.??"]
[Source "Union Hartkirch"]
[SourceDate "1998.01.01"]

1. e4 c5 2. Nf3 d6 3. d4 cxd4 4. Nxd4 Nf6 5. Nc3 g6 6. Be2 Bg7 7. O-O O-O 8.
Re1 Nc6 9. Nb3 Be6 10. Bg5 Ne5 11. Nd5 Bxd5 12. exd5 Rc8 13. Rc1 Qd7 14. c4 Qa4
15. Nd4 Qxa2 16. b3 Qa5 17. Ra1 Qc7 18. Nb5 Qd7 19. Rxa7 Ra8 20. Rxa8 Rxa8 21.
Qc2 h5 22. h3 Qd8 23. Bf1 Qa5 24. Qd1 Kf8 25. Bd2 Qd8 26. Bc3 Ned7 27. Qc2 Ng8
28. Nd4 Ndf6 29. Bd3 Qe8 30. Qb2 Nh6 31. Nf3 Qd7 32. Ng5 Nf5 33. Ra1 Rxa1+ 34.
Qxa1 Ng8 1-0

[Event "6. Raiffeisen Open - A"]
[Site "Aschach"]
[Date "1997.12.28"]
[Round "4"]
[White "Brustman, Agnieszka"]
[Black "Todor, Razwan"]
[Result "1-0"]
[WhiteElo "2380"]
[BlackElo "2170"]
[PlyCount "83"]
[EventDate "1997.??.??"]
[Source "Union Hartkirch"]
[SourceDate "1998.01.01"]

1. e4 e6 2. d4 d5 3. Nc3 dxe4 4. Nxe4 Nd7 5. Nf3 Ngf6 6. Bd3 Nxe4 7. Bxe4 Nf6
8. Bd3 c5 9. dxc5 Bxc5 10. O-O O-O 11. Bg5 b6 12. Qe2 Qc7 13. Bxf6 gxf6 14. Qe4
f5 15. Qh4 f6 16. Rfe1 Kh8 17. Bc4 e5 18. Bd5 Bb7 19. Bxb7 Qxb7 20. Rad1 Qc6
21. Qh3 Rg8 22. Qxf5 Rg7 23. Qe4 Qc8 24. g3 Rb8 25. Kg2 Rg4 26. Qd5 Qf8 27. Qe6
Rg7 28. Re2 Re8 29. Qf5 Rge7 30. Re4 Qf7 31. b4 Bd4 32. Nxd4 exd4 33. Rxe7 Rxe7
34. Rxd4 Re5 35. Rd8+ Kg7 36. Qg4+ Kh6 37. Rd7 Re7 38. Rd4 Re5 39. Rd7 Re7 40.
Rd6 Re5 41. h4 Re7 42. Qg5# 1-0

[Event "6. Raiffeisen Open - A"]
[Site "Aschach"]
[Date "1997.12.28"]
[Round "4"]
[White "Roeberg, Frank"]
[Black "Schoepf, Andreas"]
[Result "0-1"]
[WhiteElo "2245"]
[BlackElo "2015"]
[PlyCount "86"]
[EventDate "1997.??.??"]
[Source "Union Hartkirch"]
[SourceDate "1998.01.01"]

1. e4 c5 2. Nc3 Nc6 3. g3 d6 4. Bg2 Nf6 5. d3 e6 6. f4 d5 7. e5 Nd7 8. Nf3 b5
9. Nxb5 Qa5+ 10. Nc3 d4 11. Nd2 dxc3 12. Bxc6 Rb8 13. bxc3 Qxc3 14. O-O Qxa1
15. Nb3 Rxb3 16. axb3 Qd4+ 17. Kg2 g6 18. Qf3 Be7 19. Bd2 Qb2 20. f5 gxf5 21.
d4 Qxc2 22. Rf2 cxd4 23. Bb4 Qc1 24. Bd2 Qc5 25. b4 Qb6 26. Kh3 h5 27. b5 h4
28. g4 fxg4+ 29. Qxg4 a6 30. Qf3 Kd8 31. Qe4 axb5 32. Rxf7 Re8 33. Qc2 b4 34.
Qa4 Rf8 35. Rxe7 Kxe7 36. Bxb4+ Kf7 37. Bxd7 Rd8 38. Bxc8 Qc7 39. Bxe6+ Kxe6
40. Ba5 Qd7 41. Qb4 Kxe5+ 42. Kg2 Rg8+ 43. Kf2 Qf5+ 0-1

[Event "6. Raiffeisen Open - A"]
[Site "Aschach"]
[Date "1997.12.28"]
[Round "4"]
[White "Rogulj, Branko"]
[Black "Beim, Valery"]
[Result "0-1"]
[WhiteElo "2415"]
[BlackElo "2535"]
[Annotator "Beim"]
[PlyCount "96"]
[EventDate "1997.??.??"]
[Source "Union Hartkirch"]
[SourceDate "1998.01.01"]

1. e4 g6 2. d4 Bg7 3. Nc3 d6 4. f4 a6 5. a4 Nf6 6. Bc4 6... c5 $5 7. d5 (7.
dxc5 Qa5) (7. e5 Nfd7 8. e6 fxe6 9. Bxe6 cxd4) 7... e6 $5 8. dxe6 Bxe6 9. Bxe6
fxe6 10. Nf3 Nc6 11. O-O O-O 12. Qd3 Qe7 13. e5 $6 13... dxe5 14. fxe5 Ng4 15.
Bg5 Qc7 (15... Rxf3 $2 16. gxf3 Qxg5 17. fxg4 Nxe5 18. Qg3 $16) 16. Qc4 Ngxe5
17. Qxe6+ Qf7 18. Qxf7+ (18. Qd6 $6 18... Nxf3+ 19. Rxf3 19... Qc4 $17) 18...
Rxf7 19. Nxe5 Bxe5 20. Rxf7 Kxf7 21. Ne4 (21. Rd1 $5) (21. Re1 $5) 21... Bxb2
22. Rb1 $1 (22. Rf1+ $2 22... Ke6 23. c3 23... Kd5 $19) 22... Bd4+ 23. Kf1
23... Ke6 $1 24. c3 24... Rf8+ $1 25. Ke2 Kd5 26. cxd4 Kxe4 27. dxc5 Nd4+ 28.
Ke1 Rf7 (28... Rf5 $5) (28... Kd3 $5) 29. Bh4 Kd3 30. Bf2 Nc2+ 31. Kf1 Ne3+ 32.
Kg1 Kc2 33. Rb6 Nd5 34. Rd6 Nb4 35. Rb6 35... Nc6 $2 (35... Kb3 $1 $19) 36. h3
Kc3 37. Rb1 Kc4 38. Rb6 Ne5 39. Be3 Nc6 40. Bf2 Nb4 41. h4 Kb3 42. c6 $1 42...
bxc6 43. a5 Ka4 44. Be1 $2 (44. Bc5 Nd3 (44... Nd5 45. Rxa6 Kb5 46. Ra7 Rxa7
47. Bxa7) 45. Bd6 45... Kxa5 $17) 44... c5 45. Bxb4 cxb4 46. Rxa6 Rf5 47. Ra7
Rxa5 48. Rxh7 b3 0-1

[Event "6. Raiffeisen Open - A"]
[Site "Aschach"]
[Date "1997.12.28"]
[Round "4"]
[White "Grabher, Heinz"]
[Black "Pisk, Petr"]
[Result "0-1"]
[WhiteElo "2260"]
[BlackElo "2340"]
[PlyCount "102"]
[EventDate "1997.??.??"]
[Source "Union Hartkirch"]
[SourceDate "1998.01.01"]

1. e4 c5 2. Nf3 Nc6 3. d4 cxd4 4. Nxd4 e5 5. Nf3 Nf6 6. Nc3 Bb4 7. Bc4 d6 8.
O-O O-O 9. Nd5 Nxd5 10. Bxd5 Ne7 11. Bg5 Kh8 12. Bxe7 Qxe7 13. c3 Bc5 14. Nd2
a6 15. Nc4 f5 16. b4 Ba7 17. exf5 Bxf5 18. Qe2 Rac8 19. Rac1 Be6 20. Qd3 Qg5
21. Rce1 e4 22. Bxe6 exd3 23. Bxc8 Rxc8 24. Nxd6 Qg4 25. h3 Qd7 26. Nxc8 Qxc8
27. Rc1 Qc4 28. Rfd1 Qxa2 29. Rxd3 Qxf2+ 30. Kh1 h6 31. Rf3 Qb6 32. g4 Kh7 33.
Rd1 Qc6 34. Kg2 Bb8 35. h4 Qe4 36. Rd4 Qc2+ 37. Kf1 Qh2 38. g5 hxg5 39. hxg5
Qh1+ 40. Ke2 Qg2+ 41. Rf2 Qxg5 42. Rd3 Be5 43. Rdf3 Qc1 44. Rh3+ Kg8 45. Rff3
Qc2+ 46. Kf1 Qd1+ 47. Kf2 Bc7 48. Ke3 g5 49. Rh6 Bf4+ 50. Kf2 Qc2+ 51. Kf1 g4
0-1

[Event "6. Raiffeisen Open - A"]
[Site "Aschach"]
[Date "1997.12.28"]
[Round "4"]
[White "Stanka, Wolfgang"]
[Black "Ganaus, Hannes"]
[Result "1/2-1/2"]
[WhiteElo "2130"]
[BlackElo "2260"]
[PlyCount "112"]
[EventDate "1997.??.??"]
[Source "Union Hartkirch"]
[SourceDate "1998.01.01"]

1. e4 e6 2. d4 d5 3. Bd3 c5 4. exd5 Qxd5 5. Nc3 Qd8 6. Nf3 cxd4 7. Nxd4 Nf6 8.
O-O a6 9. Bf4 Be7 10. Nf3 Nc6 11. Qe2 b5 12. Rfd1 Qb6 13. a4 b4 14. a5 Qa7 15.
Na4 Bc5 16. Nxc5 Qxc5 17. Be4 Nxe4 18. Qxe4 Bb7 19. Bd6 Qb5 20. Qh4 f6 21. Nd4
Nxd4 22. Qxd4 Qc6 23. Qg4 Kf7 24. Bxb4 Rad8 25. Bc3 h5 26. Qh3 Rd5 27. Rxd5
Qxd5 28. f3 g5 29. Qg3 h4 30. Qc7+ Kg6 31. Qe7 e5 32. h3 Bc6 33. Re1 Ra8 34.
Qb4 Qd7 35. Qc4 Rd8 36. Qxa6 Bb5 37. Qb6 Kg7 38. a6 Ra8 39. Ra1 Qa7 40. Qxa7+
Rxa7 41. Ra5 Bxa6 42. b4 Ra8 43. b5 Bb7 44. Rxa8 Bxa8 45. Bb4 Bd5 46. Kf2 Bc4
47. b6 Bd5 48. Ke3 Kf7 49. Kd3 Ke6 50. c4 Bc6 51. Bc5 f5 52. Bf2 Bb7 53. Bc5
e4+ 54. Ke3 f4+ 55. Kf2 exf3 56. gxf3 Bc6 1/2-1/2

[Event "6. Raiffeisen Open - A"]
[Site "Aschach"]
[Date "1997.12.28"]
[Round "4"]
[White "Lipok, Erik"]
[Black "Knoll, Hermann"]
[Result "1-0"]
[WhiteElo "2057"]
[BlackElo "2245"]
[PlyCount "161"]
[EventDate "1997.??.??"]
[Source "Union Hartkirch"]
[SourceDate "1998.01.01"]

1. c4 Nf6 2. Nc3 g6 3. g3 Bg7 4. Bg2 O-O 5. Nf3 c5 6. d3 Nc6 7. Be3 d6 8. O-O
Bd7 9. a3 Ng4 10. Bd2 Nd4 11. Rb1 Rb8 12. b4 b6 13. Nxd4 cxd4 14. Na2 a6 15. a4
e5 16. b5 a5 17. Nc1 f5 18. Nb3 h5 19. h3 Nf6 20. Qe1 h4 21. Nxa5 bxa5 22. Bxa5
Qc8 23. Bb4 e4 24. Bxd6 Re8 25. Qd2 Ra8 26. a5 Re6 27. Qb4 Ne8 28. Bf4 Bf8 29.
Qd2 Bc5 30. Ra1 Nf6 31. gxh4 Nh5 32. Bh2 Qd8 33. Qg5 Be7 34. Qd2 Bxh4 35. Qb4
Be7 36. c5 Rc8 37. Rfc1 Qf8 38. b6 Bxc5 39. Qb3 f4 40. Bxe4 Kg7 41. b7 Rd8 42.
Rxc5 Qxc5 43. b8=Q Rxb8 44. Qxb8 Qc3 45. Rb1 Qxa5 46. Bxf4 Nf6 47. Qb7 Qh5 48.
Bf3 Qxh3 49. Rb6 Rxb6 50. Qxb6 Bg4 51. Be5 Be6 52. Qxd4 Qf5 53. Bxf6+ Qxf6 54.
Qxf6+ Kxf6 55. Kg2 Ke5 56. e3 g5 57. Kg3 Bd7 58. d4+ Kd6 59. Bg4 Be8 60. e4 Bg6
61. Kf3 Be8 62. e5+ Kd5 63. Ke3 Bg6 64. Bd1 Kc4 65. Ba4 Bf5 66. Bc6 Be6 67. Ke4
Bf7 68. Bd7 Bd5+ 69. Ke3 Bg2 70. Bc8 Bc6 71. Be6+ Kb5 72. d5 Be8 73. Kd4 Kb6
74. d6 Kc6 75. Bd5+ Kd7 76. Kc5 Kd8 77. e6 Kc8 78. e7 Bd7 79. Bc6 g4 80. e8=Q+
Bxe8 81. Bxe8 1-0

[Event "6. Raiffeisen Open - A"]
[Site "Aschach"]
[Date "1997.12.28"]
[Round "4"]
[White "Mahdy, Khaled"]
[Black "Heimberger, Reinhard"]
[Result "1-0"]
[WhiteElo "2400"]
[BlackElo "2200"]
[PlyCount "129"]
[EventDate "1997.??.??"]
[Source "Union Hartkirch"]
[SourceDate "1998.01.01"]

1. e4 c5 2. Nf3 e6 3. d4 cxd4 4. Nxd4 Nf6 5. Bd3 a6 6. O-O d6 7. b3 Be7 8. Bb2
Qc7 9. Nd2 Bd7 10. f4 O-O 11. Kh1 Nc6 12. Nxc6 Bxc6 13. Qe2 Rad8 14. Rae1 Nd7
15. Qh5 e5 16. fxe5 dxe5 17. Nc4 f6 18. Ne3 Nc5 19. Bc4+ Kh8 20. Nd5 Bxd5 21.
Bxd5 Bd6 22. Re3 g6 23. Qh4 Qg7 24. Ref3 Be7 25. Qg3 b6 26. c4 Bd6 27. Qf2 Nd7
28. Qe1 Qe7 29. Bc1 Kg7 30. Rh3 g5 31. Qe2 h6 32. Qg4 Rh8 33. Rhf3 Rdf8 34. Qh5
Bc5 35. Bd2 a5 36. Bc1 Nb8 37. Rd3 Na6 38. Qe2 Nc7 39. Rfd1 Rd8 40. Be3 Na6 41.
R3d2 Rd6 42. Rd3 Rdd8 43. Bc1 Bd4 44. Rxd4 exd4 45. Bb2 Nc5 46. Bxd4 Nd7 47.
Rf1 Rhf8 48. Rf5 Rde8 49. h4 Kg6 50. Qc2 Ne5 51. Bxb6 Qb4 52. Bf2 a4 53. Bg3
axb3 54. axb3 Rb8 55. c5 gxh4 56. Bxh4 Rbc8 57. c6 h5 58. Qd1 Ng4 59. Rf4 Qc3
60. Be6 Rfd8 61. Rxg4+ Kh6 62. Qf1 hxg4 63. Qf4+ Kh7 64. Bf5+ Kh8 65. Qh6+ 1-0

[Event "6. Raiffeisen Open - A"]
[Site "Aschach"]
[Date "1997.12.29"]
[Round "5"]
[White "Schoepf, Andreas"]
[Black "Kranzl, Peter"]
[Result "0-1"]
[WhiteElo "2015"]
[BlackElo "2265"]
[PlyCount "46"]
[EventDate "1997.??.??"]
[Source "Union Hartkirch"]
[SourceDate "1998.01.01"]

1. e4 c6 2. d4 d5 3. e5 Bf5 4. h4 h5 5. c3 e6 6. Be3 Nd7 7. Nd2 Ne7 8. Ne2 Rc8
9. Nf4 Ng6 10. Nxh5 c5 11. g4 cxd4 12. Bxd4 Rxh5 13. gxh5 Ngxe5 14. Qa4 Nc6 15.
Qb5 Nxd4 16. cxd4 Rc2 17. Nb3 Qc7 18. Be2 a6 19. Qa4 Qf4 20. Rf1 b5 21. Bxb5
axb5 22. Qxb5 Bb4+ 23. Kd1 Qf3+ 0-1

[Event "6. Raiffeisen Open - A"]
[Site "Aschach"]
[Date "1997.12.29"]
[Round "5"]
[White "Heimberger, Reinhard"]
[Black "Wiesinger, Robert"]
[Result "1-0"]
[WhiteElo "2260"]
[BlackElo "2101"]
[PlyCount "75"]
[EventDate "1997.??.??"]
[Source "Union Hartkirch"]
[SourceDate "1998.01.01"]

1. c4 e5 2. g3 Nc6 3. Bg2 f5 4. Nc3 Nf6 5. d3 Bb4 6. Bd2 d6 7. Nf3 O-O 8. O-O
Kh8 9. a3 Bxc3 10. Bxc3 Qe8 11. b4 Ne7 12. e3 Qh5 13. Qd2 Ng6 14. Rae1 h6 15.
h4 Ng4 16. Qe2 Bd7 17. Nh2 Bc6 18. e4 Nxh4 19. gxh4 Qxh4 20. Nxg4 fxg4 21. Qe3
Rf6 22. Qg3 Qh5 23. f4 gxf3 24. Rxf3 Bd7 25. Rxf6 gxf6 26. Bf3 Qg5 27. Kf2 Rg8
28. Rg1 b5 29. Qh2 Qxg1+ 30. Qxg1 Rxg1 31. Kxg1 bxc4 32. dxc4 f5 33. exf5 Bxf5
34. Bd2 e4 35. Be2 Kg7 36. b5 Bc8 37. Ba5 a6 38. Bxc7 1-0

[Event "6. Raiffeisen Open - A"]
[Site "Aschach"]
[Date "1997.12.29"]
[Round "5"]
[White "Kilgus, Georg"]
[Black "Stanka, Wolfgang"]
[Result "0-1"]
[WhiteElo "2230"]
[BlackElo "2130"]
[PlyCount "90"]
[EventDate "1997.??.??"]
[Source "Union Hartkirch"]
[SourceDate "1998.01.01"]

1. Nf3 c6 2. c4 d5 3. g3 Nf6 4. b3 Bf5 5. Bg2 e6 6. O-O Be7 7. d3 Nbd7 8. Bb2
O-O 9. Nh4 Bg4 10. h3 Bh5 11. g4 Bg6 12. Nd2 Bd6 13. e4 dxe4 14. dxe4 Qc7 15.
Qe2 Bh2+ 16. Kh1 Bf4 17. Rad1 Rad8 18. Nxg6 hxg6 19. Nf3 e5 20. g5 Nh5 21. h4
Rfe8 22. Bh3 Nf8 23. Bg4 Qe7 24. Bc3 f6 25. b4 Ne6 26. c5 Nd4 27. Bxd4 exd4 28.
Bxh5 gxh5 29. gxf6 Qxf6 30. Qc4+ Kh7 31. e5 Qf5 32. Qd3 Qxd3 33. Rxd3 Bxe5 34.
Rfd1 Bf6 35. Kg2 Re4 36. Kh3 Kh6 37. Re1 Rde8 38. Red1 g6 39. Rg1 Re2 40. Nxd4
Rxf2 41. Nb3 Re4 42. Rd6 Re3+ 43. Rg3 Ree2 44. Rgd3 Rh2+ 45. Kg3 Be5+ 0-1

[Event "6. Raiffeisen Open - A"]
[Site "Aschach"]
[Date "1997.12.29"]
[Round "5"]
[White "Brustman, Agnieszka"]
[Black "Bachmayer, Josef"]
[Result "1-0"]
[WhiteElo "2380"]
[BlackElo "2140"]
[PlyCount "91"]
[EventDate "1997.??.??"]
[Source "Union Hartkirch"]
[SourceDate "1998.01.01"]

1. e4 c5 2. Nf3 d6 3. d4 cxd4 4. Nxd4 Nf6 5. Nc3 g6 6. Be3 Bg7 7. f3 O-O 8. Qd2
Nc6 9. O-O-O d5 10. exd5 Nxd5 11. Nxc6 bxc6 12. Bd4 Be6 13. Bxg7 Kxg7 14. Bc4
Qc7 15. Bxd5 cxd5 16. h4 h6 17. Nxd5 Bxd5 18. Qxd5 Rad8 19. Qe4 e6 20. f4 h5
21. Qe5+ Qxe5 22. fxe5 Rc8 23. Rd7 Rc5 24. Re1 Rfc8 25. c3 Rc4 26. g3 a5 27.
Kd2 Rg4 28. Re3 g5 29. Rd4 Rc4 30. Rxc4 Rxc4 31. hxg5 Kg6 32. Kd3 Rg4 33. c4
Kxg5 34. b3 Kf5 35. a3 h4 36. gxh4 Rxh4 37. b4 a4 38. b5 Rh1 39. b6 Rb1 40. c5
f6 41. exf6 Kxf6 42. Re4 Rb3+ 43. Kc4 Rxa3 44. c6 Rb3 45. c7 Rb1 46. Re3 1-0

[Event "6. Raiffeisen Open - A"]
[Site "Aschach"]
[Date "1997.12.30"]
[Round "5"]
[White "Wendt, Rene"]
[Black "Lipok, Erik"]
[Result "1-0"]
[WhiteElo "2290"]
[BlackElo "2057"]
[PlyCount "39"]
[EventDate "1997.??.??"]
[Source "Union Hartkirch"]
[SourceDate "1998.01.01"]

1. d4 Nf6 2. c4 d6 3. Nc3 g6 4. e4 Bg7 5. f3 O-O 6. Bg5 c6 7. Qd2 Re8 8. O-O-O
Qa5 9. h4 a6 10. Nge2 Nbd7 11. h5 b5 12. hxg6 fxg6 13. Bh6 b4 14. Nb1 Qxa2 15.
Bxg7 Kxg7 16. Qh6+ Kg8 17. Nf4 Nf8 18. g4 Kf7 19. e5 Ng8 20. Qxh7+ 1-0

[Event "6. Raiffeisen Open - A"]
[Site "Aschach"]
[Date "1997.12.30"]
[Round "5"]
[White "Lang, Christian"]
[Black "Lenz, Alarich"]
[Result "0-1"]
[WhiteElo "1830"]
[BlackElo "2225"]
[PlyCount "134"]
[EventDate "1997.??.??"]
[Source "Union Hartkirch"]
[SourceDate "1998.01.01"]

1. d4 d5 2. c4 Nc6 3. Nc3 dxc4 4. e3 e5 5. d5 Nb8 6. Bxc4 Bd6 7. Nf3 Ne7 8. e4
O-O 9. O-O Nd7 10. b3 Ng6 11. Bb2 Nb6 12. Rc1 f5 13. exf5 Bxf5 14. Bd3 Bg4 15.
Be4 Nh4 16. Ne2 Bxf3 17. gxf3 Nxf3+ 18. Bxf3 Rxf3 19. Ng3 Rf4 20. Rc3 Qd7 21.
Bc1 Rd4 22. Rd3 Bc5 23. Bb2 Rxd5 24. Rxd5 Nxd5 25. Bxe5 Qe6 26. Re1 Rf8 27. Bd4
Qc6 28. Qg4 Bxd4 29. Qxd4 Nf4 30. Qe4 Qxe4 31. Rxe4 Rf6 32. Re7 Ne6 33. Ne4
Rg6+ 34. Kf1 Kf8 35. Rd7 Rh6 36. Kg2 Ke8 37. Rd2 b6 38. Kg3 Ke7 39. f4 Rg6+ 40.
Kf3 Rh6 41. Kg4 c5 42. f5 Nd4 43. b4 Rc6 44. bxc5 bxc5 45. f6+ gxf6 46. Nxc5
Rd6 47. Rb2 Rb6 48. Rd2 Rb4 49. Kg3 f5 50. Nd3 Ra4 51. Ne5 Ke6 52. Nd3 Ra3 53.
Kf4 Kf6 54. Ke3 Nc6 55. Kf4 Ra4+ 56. Kf3 a5 57. Rb2 Ra3 58. Ke2 Nd4+ 59. Ke3
Ne6 60. Ke2 f4 61. Rd2 Kf5 62. Ne1 Ke4 63. Kf2 f3 64. Rc2 Nd4 65. Rd2 Nf5 66.
Rc2 Ne3 67. Rb2 Nd1+ 0-1

[Event "6. Raiffeisen Open - A"]
[Site "Aschach"]
[Date "1997.12.30"]
[Round "5"]
[White "Loidl, Florian"]
[Black "Weiss, Christian"]
[Result "0-1"]
[WhiteElo "1848"]
[BlackElo "2325"]
[PlyCount "112"]
[EventDate "1997.??.??"]
[Source "Union Hartkirch"]
[SourceDate "1998.01.01"]

1. e4 c5 2. Nc3 Nc6 3. Nf3 e6 4. g3 d5 5. d3 Nf6 6. e5 Nd7 7. Qe2 Be7 8. h4 Qa5
9. Bd2 Nb4 10. Kd1 d4 11. Ne4 Qc7 12. Bf4 Nd5 13. Bg2 b5 14. Qd2 Bb7 15. Re1
Qb6 16. Ke2 h6 17. Kf1 Nxf4 18. Qxf4 O-O 19. Re2 f6 20. exf6 Nxf6 21. Nxf6+
Rxf6 22. Qg4 Bxf3 23. Bxf3 Raf8 24. Be4 c4 25. Qh5 Bd8 26. g4 e5 27. Qxe5 Bc7
28. Qh5 Bf4 29. Qd5+ Kh8 30. h5 c3 31. bxc3 dxc3 32. Bf5 Bg5 33. Rae1 Bh4 34.
Qh1 Qd4 35. Qe4 Qb6 36. Qh1 Qd4 37. Qe4 Qb6 38. d4 b4 39. Rd1 a5 40. Qh1 Bg5
41. Qh2 Bd2 42. Qe5 a4 43. Rb1 Qc6 44. d5 Qc4 45. Qe4 Qxa2 46. Rxb4 a3 47. Rb7
Rg8 48. Kg2 Qb2 49. Rxg7 Rxg7 50. Qe8+ Rg8 51. Qd7 Rxf5 52. Qxf5 Qb7 53. Qf6+
Qg7 54. Qxg7+ Rxg7 55. Kg3 a2 56. Re8+ Rg8 0-1

[Event "6. Raiffeisen Open - A"]
[Site "Aschach"]
[Date "1997.12.29"]
[Round "5"]
[White "Epishin, Vladimir"]
[Black "Mahdy, Khaled"]
[Result "1-0"]
[WhiteElo "2570"]
[BlackElo "2400"]
[PlyCount "63"]
[EventDate "1997.??.??"]
[Source "Union Hartkirch"]
[SourceDate "1998.01.01"]

1. c4 Nf6 2. Nc3 g6 3. d4 Bg7 4. e4 d6 5. Nf3 O-O 6. Be2 Bg4 7. Be3 Nfd7 8. O-O
c5 9. d5 Na6 10. Rb1 Nc7 11. Qc2 Bxf3 12. Bxf3 e6 13. b4 exd5 14. cxd5 cxb4 15.
Rxb4 Rc8 16. Rxb7 Nxd5 17. exd5 Rxc3 18. Qd2 Nc5 19. Rxa7 Qb6 20. Re7 Qd8 21.
Bg5 Rxf3 22. gxf3 h6 23. Bh4 g5 24. Bxg5 hxg5 25. Qxg5 Nd3 26. Kh1 Nf4 27. Rg1
Ng6 28. Rxf7 Qxg5 29. Rxf8+ Kxf8 30. Rxg5 Ne7 31. a4 Bf6 32. f4 1-0